000 00345 a2200109 4500
001 ART_30637
005 20260410162003.0
008 260409a
245 1 0 _aInstrumentos de análisis para evaluar sistemas previsionales
100 1 _aDieulefait, Enrique
773 0 _tForo económico
_g- Año IV, Nº 7 (nov. 1998)
_wREV30369
999 _c31438
_d31438